[Event "POL-chT"]
[Site "Poland"]
[Date "2018.06.09"]
[Round "2.3"]
[White "Wcislo, Damian"]
[Black "Sliwerski, Radoslaw"]
[Result "1/2-1/2"]
[WhiteElo "2399"]
[BlackElo "2006"]
[PlyCount "157"]
[EventDate "2018.06.08"]
[EventType "team-tourn"]
[EventRounds "9"]
[EventCountry "POL"]
[SourceTitle "CBM 184 Extra"]
[Source "ChessBase"]
[SourceDate "2018.06.28"]
[SourceVersion "1"]
[SourceVersionDate "2018.06.28"]
[SourceQuality "1"]
[WhiteTeam "Pegow Wieza"]
[BlackTeam "Miedzyborow Wrzos"]
[WhiteTeamCountry "POL"]
[BlackTeamCountry "POL"]

1. d4 Nf6 2. c4 e6 3. Nf3 d5 4. Nc3 Bb4 5. Qa4+ Nc6 6. e3 0-0 7. Bd2 dxc4 8. Bxc4 Bd6 9. h3 e5 10. d5 Ne7 11. 0-0 h6 12. e4 Bd7 13. Bb5 a6 14. Bxd7 Nxd7 15. Be3 f5 16. exf5 Nxf5 17. Qg4 Qe7 18. Rfe1 Qf7 19. Rad1 Rae8 20. a3 Nxe3 21. Rxe3 Re7 22. Ne4 Nf6 23. Nxf6+ Qxf6 24. b4 Qf4 25. Re4 Qxg4 26. hxg4 Ref7 27. Rd2 Rf4 28. Rde2 R8f7 29. Nd2 Rxe4 30. Nxe4 Kf8 31. f3 Rd7 32. Kf2 Be7 33. Rc2 Rxd5 34. Rxc7 Rd3 35. Rc3 Rd4 36. Ke3 a5 37. bxa5 Ra4 38. Nc5 Rxa5 39. Nxb7 Rxa3 40. Rxa3 Bxa3 41. Ke4 Ke7 42. Kxe5 Bb4 43. Kf5 Kf7 44. Nd8+ Ke8 45. Nc6 Bc3 46. Ne5 Ke7 47. Nc4 Bd4 48. Kg6 Ke6 49. Nd2 Ke7 50. Ne4 Kf8 51. Ng3 Kg8 52. Nh5 Bc3 53. f4 Bb2 54. f5 Bc3 55. f6 gxf6 56. Nxf6+ Kh8 57. Nh5 Bd2 58. Ng3 Kg8 59. Nf5 Kh8 60. Nxh6 Bc3 61. g5 Bd2 62. Ng4 Kg8 63. Nf6+ Kh8 64. Ne4 Be3 65. Kf7 Bxg5 66. Kg6 Be3 67. Nf6 Bf4 68. g4 Bc1 69. Nd5 Bd2 70. Kf5 Kg7 71. Nf4 Bxf4 72. Kxf4 Kf6 73. g5+ Kg6 74. Kg4 Kg7 75. Kf5 Kf7 76. g6+ Kg7 77. Kg5 Kg8 78. Kh6 Kh8 79. g7+ 1/2-1/2

[Event "POL-chT 1st League"]
[Site "Poronin"]
[Date "2017.09.10"]
[Round "9.5"]
[White "Wcislo, Damian"]
[Black "Sabuk, Piotr"]
[Result "1/2-1/2"]
[WhiteElo "2403"]
[BlackElo "2376"]
[PlyCount "62"]
[EventDate "2017.09.02"]
[EventType "team-tourn"]
[EventRounds "9"]
[EventCountry "POL"]
[SourceTitle "CBM 180 Extra"]
[Source "ChessBase"]
[SourceDate "2017.10.06"]
[SourceVersion "1"]
[SourceVersionDate "2017.10.06"]
[SourceQuality "1"]
[WhiteTeam "Pegow Wieza"]
[BlackTeam "Kopernik WKS"]
[WhiteTeamCountry "POL"]
[BlackTeamCountry "POL"]

1. d4 d5 2. c4 e6 3. Nc3 Nf6 4. Nf3 c5 5. cxd5 Nxd5 6. e4 Nxc3 7. bxc3 cxd4 8. cxd4 Bb4+ 9. Bd2 Bxd2+ 10. Qxd2 0-0 11. Be2 b6 12. 0-0 Bb7 13. Qe3 Nd7 14. Nd2 Nf6 15. f3 Qe7 16. a4 Rfd8 17. a5 Qd6 18. Nc4 Qxd4 19. Qxd4 Rxd4 20. axb6 axb6 21. Rxa8+ Bxa8 22. Nxb6 Bb7 23. Ra1 Rb4 24. Nc4 Bc6 25. Ra6 Ba4 26. Ra8+ Ne8 27. Nd6 Kf8 28. e5 Bc6 29. Rc8 Bd7 30. Ra8 Bc6 31. Rc8 Bd7 1/2-1/2

[Event "Vienna Husek op"]
[Site "Vienna"]
[Date "2014.07.08"]
[Round "4"]
[White "Wcislo, Damian"]
[Black "Kilgus, Georg"]
[Result "0-1"]
[WhiteElo "2243"]
[BlackElo "2441"]
[PlyCount "57"]
[EventDate "2014.07.05"]
[EventType "swiss"]
[EventRounds "9"]
[EventCountry "AUT"]
[SourceTitle "CBM 161 Extra"]
[Source "ChessBase"]
[SourceDate "2014.08.29"]
[SourceVersion "1"]
[SourceVersionDate "2014.08.29"]
[SourceQuality "1"]

1. d4 Nf6 2. c4 e6 3. Nf3 c5 4. d5 d6 5. Nc3 exd5 6. cxd5 g6 7. g3 Bg7 8. Bg2 0-0 9. 0-0 Re8 10. Nd2 a6 11. a4 Nbd7 12. Nc4 Ne5 13. Nxe5 Rxe5 14. e4 Re8 15. h3 Bd7 16. Bf4 b5 17. axb5 axb5 18. Rxa8 Qxa8 19. Bxd6 b4 20. e5 bxc3 21. bxc3 Bb5 22. exf6 Bxf1 23. fxg7 Bxg2 24. Kxg2 c4 25. Qd4 Rd8 26. Qe5 Qb7 27. Kh2 Qb6 28. Be7 Qxf2+ 29. Kh1 0-1

[Event "Krakow op 21st"]
[Site "Krakow"]
[Date "2011.01.02"]
[Round "6"]
[White "Odnorozhenko, Evgenyi"]
[Black "Wcislo, Damian"]
[Result "0-1"]
[WhiteElo "2335"]
[BlackElo "2219"]
[PlyCount "152"]
[EventDate "2010.12.27"]
[EventType "swiss"]
[EventRounds "9"]
[EventCountry "POL"]
[SourceTitle "CBM 140 Extra"]
[Source "ChessBase"]
[SourceDate "2011.03.01"]
[SourceVersion "1"]
[SourceVersionDate "2011.03.01"]
[SourceQuality "1"]

1. d4 d5 2. c4 c6 3. Nc3 Nf6 4. e3 g6 5. Nf3 Bg7 6. Be2 0-0 7. 0-0 dxc4 8. Bxc4 Nbd7 9. Bb3 b5 10. a3 a6 11. e4 Nb6 12. h3 Bb7 13. e5 Nfd5 14. Ne4 a5 15. Bd2 b4 16. Nc5 Qc7 17. Qc2 Bc8 18. Rfc1 Bf5 19. Qd1 f6 20. axb4 axb4 21. Na6 Qd7 22. Nxb4 Rxa1 23. Rxa1 Be4 24. exf6 Bxf6 25. Bh6 Bg7 26. Ne5 Qf5 27. Ng4 Kh8 28. Bxg7+ Kxg7 29. Nxd5 Bxd5 30. f3 Qf4 31. Bxd5 Nxd5 32. Qd3 h5 33. Ne5 Qg3 34. Kh1 Rf5 35. Qd2 Rg5 36. b4 Nf4 37. Ra2 Nxg2 38. Qxg2 Qe1+ 39. Kh2 Rxg2+ 40. Rxg2 Qxb4 41. Rxg6+ Kh7 42. Re6 Qxd4 43. Rxe7+ Kg8 44. Kg2 c5 45. Re6 c4 46. Nxc4 Qxc4 47. Re4 Qc2+ 48. Kg3 Qc7+ 49. Kg2 Qg7+ 50. Kf2 Qb2+ 51. Kf1 Qh2 52. h4 Kf7 53. Rc4 Ke6 54. Ra4 Ke5 55. Re4+ Kd5 56. Ra4 Qd2 57. Re4 Qh2 58. Ra4 Kc6 59. Rc4+ Kd6 60. Rd4+ Kc5 61. Re4 Kb5 62. Rd4 Qg3 63. Ke2 Qg2+ 64. Ke3 Qg1+ 65. Ke4 Qe1+ 66. Kf5 Qg3 67. Rf4 Kc5 68. Ke5 Qe1+ 69. Kf6 Qe3 70. Rf5+ Kd6 71. Rxh5 Qxf3+ 72. Rf5 Qc3+ 73. Kg6 Ke6 74. Rg5 Qh8 75. Rg4 Qg8+ 76. Kh5 Qh7+ 0-1

[Event "Krakow op 21st"]
[Site "Krakow"]
[Date "2010.12.31"]
[Round "5"]
[White "Krzyzanowski, Marcin"]
[Black "Wcislo, Damian"]
[Result "1-0"]
[WhiteElo "2342"]
[BlackElo "2219"]
[PlyCount "125"]
[EventDate "2010.12.27"]
[EventType "swiss"]
[EventRounds "9"]
[EventCountry "POL"]
[SourceTitle "CBM 140 Extra"]
[Source "ChessBase"]
[SourceDate "2011.03.01"]
[SourceVersion "1"]
[SourceVersionDate "2011.03.01"]
[SourceQuality "1"]

1. e4 c5 2. Nf3 Nc6 3. d4 cxd4 4. Nxd4 Nf6 5. Nc3 d6 6. Bg5 e6 7. Qd2 a6 8. 0-0-0 Bd7 9. f4 h6 10. Bh4 g5 11. fxg5 Ng4 12. Be2 Nge5 13. Nf3 Be7 14. Rhg1 Rg8 15. Bg3 hxg5 16. Nxe5 Nxe5 17. Bh5 Qa5 18. Qd4 Bc6 19. Rgf1 Rf8 20. Bxe5 Qxe5 21. Qxe5 dxe5 22. Rf3 Bb4 23. Rdf1 Bxc3 24. bxc3 Bxe4 25. Rxf7 Rxf7 26. Rxf7 0-0-0 27. Bf3 Bd5 28. Bxd5 exd5 29. Rf5 g4 30. Rxe5 Rh8 31. Rg5 Rxh2 32. Rxg4 Kd7 33. Rg6 Rh1+ 34. Kb2 Kc7 35. a4 b6 36. Rg4 Rg1 37. c4 dxc4 38. Rxc4+ Kd6 39. g4 Rg3 40. Rf4 Kc5 41. c3 Rg1 42. Kc2 Rg3 43. Kb3 Re3 44. Rf5+ Kc6 45. g5 Rg3 46. a5 b5 47. Kc2 Kd7 48. Rf7+ Ke8 49. Rg7 Kf8 50. Rg6 Kf7 51. Rxa6 Rxg5 52. Rb6 Ke7 53. a6 Rg8 54. Kb3 Kd7 55. Kb4 Kc7 56. Rxb5 Ra8 57. Ra5 Kb6 58. a7 Kc6 59. Ra6+ Kb7 60. Kb5 Rxa7 61. Rxa7+ Kxa7 62. Kc6 Kb8 63. c4 1-0

[Event "Krakow op 21st"]
[Site "Krakow"]
[Date "2010.12.30"]
[Round "4"]
[White "Wcislo, Damian"]
[Black "Gawronski, Lukasz"]
[Result "1-0"]
[WhiteElo "2219"]
[BlackElo "2043"]
[PlyCount "57"]
[EventDate "2010.12.27"]
[EventType "swiss"]
[EventRounds "9"]
[EventCountry "POL"]
[SourceTitle "CBM 140 Extra"]
[Source "ChessBase"]
[SourceDate "2011.03.01"]
[SourceVersion "1"]
[SourceVersionDate "2011.03.01"]
[SourceQuality "1"]

1. d4 Nf6 2. c4 g6 3. g3 d5 4. Bg2 c6 5. Nf3 Bg7 6. 0-0 0-0 7. Nc3 Ne4 8. Qb3 dxc4 9. Qxc4 Nd6 10. Qd3 b6 11. Ne5 Qc7 12. Bf4 Ba6 13. Qc2 f6 14. Nxc6 Nxc6 15. Nd5 Qd7 16. Qxc6 Qxc6 17. Nxe7+ Kh8 18. Nxc6 Nf5 19. Rfe1 Rae8 20. e4 Nh6 21. d5 Nf7 22. Rad1 g5 23. Bc7 Rc8 24. d6 Nxd6 25. Bxd6 Rxc6 26. Bxf8 Bxf8 27. Rd8 Kg7 28. Rd7+ Kg6 29. Bh3 1-0

[Event "POL-chT 2st League"]
[Site "Mrzezyno"]
[Date "2010.09.09"]
[Round "6.57"]
[White "Meczynski, Waldemar"]
[Black "Wcislo, Damian"]
[Result "1-0"]
[WhiteElo "2114"]
[BlackElo "2260"]
[PlyCount "67"]
[EventDate "2010.09.04"]
[EventType "team-swiss"]
[EventRounds "9"]
[EventCountry "POL"]
[SourceTitle "EXT 2019"]
[Source "ChessBase"]
[SourceDate "2018.10.10"]
[SourceVersion "1"]
[SourceVersionDate "2018.10.10"]
[SourceQuality "1"]
[WhiteTeam "Konin Hetman"]
[BlackTeam "Pawlowice GKS Pniowek 74"]
[WhiteTeamCountry "POL"]
[BlackTeamCountry "POL"]

1. e4 c5 2. b4 cxb4 3. Bb2 Nc6 4. d4 d5 5. exd5 Qxd5 6. c4 bxc3 7. Nxc3 Qa5 8. d5 Nb8 9. Nf3 Nf6 10. Bc4 Nbd7 11. 0-0 Nb6 12. Bb3 Bg4 13. h3 Bh5 14. Re1 0-0-0 15. Rc1 Kb8 16. Qe2 Nc8 17. Ne4 Nxe4 18. Qxe4 Nd6 19. Be5 Bg6 20. Qe3 f6 21. Bh2 e5 22. dxe6 Be7 23. Nh4 Ka8 24. Nxg6 hxg6 25. Red1 Nf5 26. Qe4 Qb4 27. Qxb4 Bxb4 28. Bc7 Rc8 29. Bd5 Bd6 30. Bxd6 Nxd6 31. Rb1 Rc7 32. Bf3 Rd8 33. Rxb7 Rxb7 34. e7 1-0

[Event "POL-chT 2st League"]
[Site "Mrzezyno"]
[Date "2010.09.06"]
[Round "3.15"]
[White "Wcislo, Damian"]
[Black "Markiewicz, Jerzy"]
[Result "0-1"]
[WhiteElo "2260"]
[BlackElo "2295"]
[PlyCount "102"]
[EventDate "2010.09.04"]
[EventType "team-swiss"]
[EventRounds "9"]
[EventCountry "POL"]
[SourceTitle "EXT 2019"]
[Source "ChessBase"]
[SourceDate "2018.10.10"]
[SourceVersion "1"]
[SourceVersionDate "2018.10.10"]
[SourceQuality "1"]
[WhiteTeam "Pawlowice GKS Pniowek 74"]
[BlackTeam "Pilzno GKSz Hetman"]
[WhiteTeamCountry "POL"]
[BlackTeamCountry "POL"]

1. b3 Nf6 2. Bb2 g6 3. Nf3 Bg7 4. g3 0-0 5. Bg2 d6 6. 0-0 e5 7. d3 Nc6 8. c4 h6 9. Nbd2 Nh7 10. Rb1 Be6 11. a3 a5 12. Qc2 Qd7 13. Rfe1 f5 14. e3 Bf7 15. e4 Be6 16. exf5 gxf5 17. d4 exd4 18. Nxd4 Nxd4 19. Bxd4 Bxd4 20. Rxe6 Kg7 21. Re2 Rae8 22. Rbe1 Rxe2 23. Rxe2 c6 24. Nf3 Bf6 25. Qd2 Ng5 26. Nh4 Nf7 27. Nf3 a4 28. b4 Re8 29. h4 Rxe2 30. Qxe2 f4 31. Kh2 fxg3+ 32. fxg3 Qf5 33. Bh3 Qb1 34. Bc8 Qb3 35. Qe4 Qxa3 36. h5 Qb2+ 37. Kh3 Kf8 38. Qg6 Ke7 39. Qe4+ Kf8 40. Qg6 Ke7 41. Qe4+ Be5 42. Qf5 Qf2 43. Qd7+ Kf8 44. Nxe5 Qf1+ 45. Kh2 Qe2+ 46. Kh1 Qxh5+ 47. Kg2 Qe2+ 48. Kh1 Qxe5 49. Bxb7 a3 50. Qc8+ Qe8 51. Qf5 a2 0-1

[Event "POL-chT 2st League"]
[Site "Mrzezyno"]
[Date "2010.09.05"]
[Round "2.15"]
[White "Zgadzaj, Rafal"]
[Black "Wcislo, Damian"]
[Result "1/2-1/2"]
[WhiteElo "2243"]
[BlackElo "2260"]
[PlyCount "64"]
[EventDate "2010.09.04"]
[EventType "team-swiss"]
[EventRounds "9"]
[EventCountry "POL"]
[SourceTitle "EXT 2019"]
[Source "ChessBase"]
[SourceDate "2018.10.10"]
[SourceVersion "1"]
[SourceVersionDate "2018.10.10"]
[SourceQuality "1"]
[WhiteTeam "Chroscice LZS Victoria"]
[BlackTeam "Pawlowice GKS Pniowek 74"]
[WhiteTeamCountry "POL"]
[BlackTeamCountry "POL"]

1. Nf3 d5 2. c4 c6 3. g3 Nf6 4. Bg2 Bg4 5. 0-0 Nbd7 6. d4 e6 7. Nc3 dxc4 8. Bg5 Qa5 9. Bxf6 gxf6 10. Nd2 Nb6 11. Qc2 Be7 12. Rfe1 Rd8 13. e3 e5 14. b3 Be6 15. bxc4 Nxc4 16. Nxc4 Bxc4 17. Rab1 Bb4 18. Rec1 Bxc3 19. Rxb7 Qa6 20. Rc7 exd4 21. exd4 Bxd4 22. Bxc6+ Kf8 23. Qxc4 Qxc4 24. Rxc4 Bb6 25. Rb7 h5 26. Rf4 Kg7 27. Kg2 Rd2 28. Ba4 Rc8 29. Bb3 Rc7 30. Rxc7 Bxc7 31. Rc4 Bb6 32. Rc2 Rxc2 1/2-1/2

[Event "Krakow-ch Seniors/Juniors"]
[Site "Krakow"]
[Date "2010.04.26"]
[Round "2"]
[White "Wcislo, Damian"]
[Black "Gosciniak, Maria"]
[Result "0-1"]
[WhiteElo "2256"]
[BlackElo "2133"]
[PlyCount "84"]
[EventDate "2010.04.25"]
[EventType "swiss"]
[EventRounds "9"]
[EventCountry "POL"]
[SourceTitle "EXT 2023"]
[Source "ChessBase"]
[SourceDate "2022.10.05"]
[SourceVersion "1"]
[SourceVersionDate "2022.10.05"]
[SourceQuality "1"]

1. d4 f5 2. c4 e6 3. Nf3 Nf6 4. Bf4 Bb4+ 5. Nbd2 0-0 6. e3 b6 7. Be2 Bb7 8. 0-0 Bxd2 9. Qxd2 d6 10. b4 Nbd7 11. Qb2 Qe7 12. Rac1 a5 13. c5 bxc5 14. bxc5 Bd5 15. cxd6 cxd6 16. Qa3 Ne4 17. Rc7 g5 18. Bg3 f4 19. exf4 gxf4 20. Bh4 Qg7 21. Rd1 Rf7 22. Bc4 Bxc4 23. Rxc4 Qg6 24. Qc1 Rg7 25. Rc8+ Rxc8 26. Qxc8+ Nf8 27. g3 Qh5 28. Rd3 fxg3 29. hxg3 Rf7 30. Kg2 Qf5 31. Qc2 Ng6 32. Re3 d5 33. Bd8 h5 34. Bc7 h4 35. Nxh4 Nxh4+ 36. gxh4 Rxc7 37. Qxc7 Qxf2+ 38. Kh1 Qxe3 39. Qd8+ Kf7 40. Qd7+ Kf6 41. Qd8+ Kf5 42. Qf8+ Nf6 0-1

[Event "Krakow op 20th"]
[Site "Krakow"]
[Date "2010.01.02"]
[Round "6"]
[White "Wcislo, Damian"]
[Black "Fraczek, Daniel"]
[Result "1/2-1/2"]
[WhiteElo "2211"]
[BlackElo "2376"]
[PlyCount "35"]
[EventDate "2009.12.27"]
[EventType "swiss"]
[EventRounds "9"]
[EventCountry "POL"]
[SourceTitle "CBM 134 Extra"]
[Source "ChessBase"]
[SourceDate "2010.03.03"]
[SourceVersion "1"]
[SourceVersionDate "2010.03.03"]
[SourceQuality "1"]

1. d4 Nf6 2. c4 c5 3. d5 e6 4. Nc3 exd5 5. cxd5 d6 6. g3 g6 7. Bg2 Bg7 8. Nf3 0-0 9. 0-0 Nbd7 10. Bf4 Qe7 11. h3 a6 12. a4 Nh5 13. Bg5 f6 14. Bd2 f5 15. Qc1 Ne5 16. Nxe5 Bxe5 17. Bg5 Qf7 18. Qc2 1/2-1/2

[Event "Krakow op 20th"]
[Site "Krakow"]
[Date "2009.12.30"]
[Round "4"]
[White "Jussupow, Alexander"]
[Black "Wcislo, Damian"]
[Result "0-1"]
[WhiteElo "2071"]
[BlackElo "2211"]
[PlyCount "74"]
[EventDate "2009.12.27"]
[EventType "swiss"]
[EventRounds "9"]
[EventCountry "POL"]
[SourceTitle "CBM 134 Extra"]
[Source "ChessBase"]
[SourceDate "2010.03.03"]
[SourceVersion "1"]
[SourceVersionDate "2010.03.03"]
[SourceQuality "1"]

1. d4 Nf6 2. Nf3 e6 3. Bg5 h6 4. Bh4 b6 5. e3 Bb7 6. Be2 g5 7. Bg3 g4 8. Ne5 h5 9. f3 d6 10. Nd3 Nd5 11. Bf2 Bh6 12. Qd2 Qg5 13. e4 Qf6 14. Qd1 Ne3 15. Bxe3 Bxe3 16. c3 gxf3 17. Bxf3 Bxe4 18. Rf1 Qg6 19. Nf2 Bxf2+ 20. Kxf2 Nd7 21. Re1 Bxf3 22. Qxf3 Qf6 23. Nd2 Ke7 24. Re3 Rag8 25. Kg1 Qxf3 26. Rxf3 Rg4 27. h3 Rg7 28. Raf1 Rh6 29. Nc4 Rhg6 30. R1f2 Nf6 31. Nd2 c5 32. Kh2 Nd7 33. Ne4 f5 34. Ng3 Nf6 35. Re3 Rxg3 36. Rxg3 Rxg3 37. Kxg3 Ne4+ 0-1

[Event "POL-ch U18"]
[Site "Chotowa"]
[Date "2009.04.03"]
[Round "9"]
[White "Mucha, Roman"]
[Black "Wcislo, Damian"]
[Result "1-0"]
[WhiteElo "2143"]
[BlackElo "2227"]
[PlyCount "82"]
[EventDate "2009.03.28"]
[EventType "swiss"]
[EventRounds "11"]
[EventCountry "POL"]
[SourceTitle "EXT 2011"]
[Source "ChessBase"]
[SourceDate "2010.11.26"]
[SourceVersion "1"]
[SourceVersionDate "2010.11.26"]
[SourceQuality "1"]

1. c4 Nf6 2. Nc3 g6 3. d4 c5 4. d5 Bg7 5. e4 d6 6. Bd3 0-0 7. h3 Nbd7 8. f4 e6 9. Nf3 exd5 10. cxd5 Re8 11. 0-0 b5 12. Re1 b4 13. Na4 Nb6 14. Nxb6 axb6 15. Qc2 Ba6 16. Bd2 Nd7 17. Reb1 b5 18. Re1 Qb6 19. Kh2 Bb7 20. Be3 Qa5 21. Bf1 Qb6 22. Bf2 Ra5 23. Qd2 Nf6 24. Qc2 Nd7 25. Qd2 Nf6 26. Qxb4 Qa6 27. Qb3 Rxe4 28. Rxe4 Nxe4 29. Be1 Ra3 30. bxa3 Bxa1 31. Qb1 Bxd5 32. Qxa1 Qxa3 33. Ng5 b4 34. Nxe4 Bxe4 35. Qf6 Qxa2 36. Qd8+ Kg7 37. Qxd6 Qc2 38. Qe5+ Kg8 39. Bh4 Bc6 40. Qb8+ Kg7 41. Be7 b3 1-0

[Event "Krakow op-A 19th"]
[Site "Krakow"]
[Date "2008.12.27"]
[Round "1"]
[White "Turcheniac, Mariya"]
[Black "Wcislo, Damian"]
[Result "0-1"]
[WhiteElo "1979"]
[BlackElo "2219"]
[PlyCount "78"]
[EventDate "2008.12.26"]
[EventType "swiss"]
[EventRounds "9"]
[EventCountry "POL"]
[SourceTitle "CBM 128 Extra"]
[Source "ChessBase"]
[SourceDate "2009.03.05"]
[SourceVersion "2"]
[SourceVersionDate "2009.03.25"]
[SourceQuality "1"]

1. e4 c5 2. Nf3 Nc6 3. d4 cxd4 4. Nxd4 Nf6 5. Nc3 d6 6. Be2 e5 7. Nb3 Be6 8. 0-0 Be7 9. Kh1 a5 10. Be3 0-0 11. f4 a4 12. f5 Bc8 13. Nc1 a3 14. b3 Qa5 15. Bd2 Qd8 16. Be3 Rb8 17. Bf3 b5 18. N1e2 Nb4 19. g4 h6 20. Rg1 Bb7 21. g5 hxg5 22. Bxg5 Nxe4 23. Bxe4 Bxg5 24. Bxb7 Rxb7 25. Ne4 Be3 26. f6 g6 27. N2c3 d5 28. Qf3 dxe4 29. Qxe3 Qxf6 30. Raf1 Qc6 31. Nxe4 Nxc2 32. Qf3 Nd4 33. Qg2 f5 34. Qxg6+ Qxg6 35. Rxg6+ Rg7 36. Nf6+ Kf7 37. Rxg7+ Kxg7 38. Nd7 Re8 39. Re1 e4 0-1